000 00435nam a2200181Ia 4500
001 4587
005 20260306145807.0
008 260306t1997||||xx |||||||||||||| ||spa||
041 _aESP
082 _a327
_bU38
100 _aUlloa, Alberto
_eAUT
245 0 _aPerú y Ecuador:
_búltima etapa del problema de límites (1941-1942)
260 _c1997
300 _a
_c
650 _aGEN
654 _aCHU
942 _cLIB
_dJUS
_fJUS
_2ddc
_n
999 _c4587
_d4587